Del espíritu de las leyes

Saved in:
Bibliografiske detaljer
Hovedforfatter: Montesquieu, Charles Louis de Secondat, Barón de (autor)
Format: Bog
Sprog:spansk
Udgivet: Barcelona Folio 2000
Serier:Obras Fundamentales de la Filosofía
Fag:
Tags: Tilføj Tag
Ingen Tags, Vær først til at tagge denne postø!

MARC

LEADER 00000nam a2200000 a 4500
001 UCL0393
003 CL-VaPUC
008 030711e20000000SP |||||||||||||||||spa|d
020 |a 8441312338 
020 |a 8441312281v.2 
082 0 4 |a 340.13  |b MON  |2 21 
100 |a Montesquieu, Charles Louis de Secondat, Barón de  |e autor  |9 515729 
245 1 0 |a Del espíritu de las leyes 
300 |a v 
942 |c BK 
945 |d 20030711 00:00:00  |a cmena 
260 |a Barcelona  |b Folio  |c 2000 
650 0 |a Filosofía del derecho   |9 255050 
650 7 |a FILOSOFIA POLITICA  |2 CL-VaPUC  |9 477070 
650 7 |a ESTADO Y POLITICA  |2 CL-VaPUC  |9 394294 
583 |a last modification  |c 20030711 00:00:00  |k Rodrigo Vera 
490 0 |a Obras Fundamentales de la Filosofía 
999 |c 304266  |d 304264 
952 |0 0  |1 0  |4 0  |6 340_130000000000000_MON_2000  |7 0  |8 A  |9 366239  |a BIBHIS  |b BIBHIS  |d 2019-11-21  |h v.2  |i 3921069  |o 340.13 MON 2000  |p 3921069  |r 2025-01-20  |w 2019-11-21  |y BK  |k HIS